|
|
|
|
| LEADER |
00000nam0a2200000 4500 |
| 001 |
324882 |
| 005 |
20241217143632.0 |
| 035 |
|
|
|a (RuTPU)RU\TPU\book\350493
|
| 090 |
|
|
|a 324882
|
| 100 |
|
|
|a 20161123d1939 km y0rusy50 ca
|
| 101 |
0 |
|
|a rus
|
| 102 |
|
|
|a RU
|
| 105 |
|
|
|a a z 001zy
|
| 200 |
1 |
|
|a На разведку недр Кировской области
|f И. И. Уланов
|g Кировский областной научно-исследовательский институт краеведения
|
| 210 |
|
|
|a Киров
|c Изд-во Кировского ОНИИ краеведения
|d 1939
|
| 215 |
|
|
|a 53 с.
|c ил.
|
| 225 |
1 |
|
|a В помощь краеведу Кировской области
|v Вып. 1
|
| 320 |
|
|
|a Библиогр.: с. 52
|
| 606 |
|
|
|a Геология
|y Северо-Восток Европейской части России
|2 stltpush
|3 (RuTPU)RU\TPU\subj\72108
|9 85695
|
| 610 |
1 |
|
|a Кировская область
|
| 610 |
1 |
|
|a недра
|
| 610 |
1 |
|
|a полевые исследования
|
| 610 |
1 |
|
|a краеведение
|
| 610 |
1 |
|
|a обнажения
|
| 610 |
1 |
|
|a полезные ископаемые
|
| 610 |
1 |
|
|a месторождения
|
| 610 |
1 |
|
|a поиск
|
| 610 |
1 |
|
|a разведка
|
| 675 |
|
|
|a 55(470.1)
|v 4
|
| 700 |
|
1 |
|a Уланов
|b И. И.
|
| 712 |
0 |
2 |
|a Кировский областной научно-исследовательский институт краеведения
|2 stltpush
|3 (RuTPU)RU\TPU\col\27041
|9 28631
|
| 801 |
|
1 |
|a RU
|b 63413507
|c 20161123
|
| 801 |
|
2 |
|a RU
|b 63413507
|c 20200127
|g RCR
|
| 942 |
|
|
|c BK
|